|
|
|
|
| LEADER |
00000cam a2200000 7i4500 |
| 001 |
0000027214 |
| 005 |
20170111.0 |
| 008 |
161229 -us eng |
| 020 |
|
|
|a 0471226866
|
| 040 |
|
|
|a INS
|
| 090 |
0 |
0 |
|a Hd49
|b B37 2003
|
| 100 |
1 |
|
|a Barton, Dominic
|
| 245 |
1 |
0 |
|a Dangerous markets :
|b managing in financial crises
|c Dominic Barton, Roberto Newell, Gregory Wilson
|
| 260 |
|
|
|a New York :
|b John Wiley & Sons, Inc ,
|c 2003
|
| 300 |
|
|
|a xx., 300p. ;
|c 24cm.
|
| 440 |
|
|
|a Wiley finance series
|
| 500 |
|
|
|a Includes index
|
| 650 |
|
0 |
|a Crisis management
|
| 650 |
|
0 |
|a Financial crises
|
| 700 |
1 |
|
|a Newell, Roberto
|
| 700 |
1 |
|
|a Wilson, Gregory
|
| 999 |
|
|
|a 0000022019
|b BOOK
|c Open Shelf
|e Default branch
|